<?xml version="1.0" encoding="UTF-8"?>
<record
    xmlns:xsi="http://www.w3.org/2001/XMLSchema-instance"
    xsi:schemaLocation="http://www.loc.gov/MARC21/slim http://www.loc.gov/standards/marcxml/schema/MARC21slim.xsd"
    xmlns="http://www.loc.gov/MARC21/slim">

  <leader>01506nam a22002531a 4500</leader>
  <controlfield tag="001">9004096817</controlfield>
  <controlfield tag="001">z9004096817</controlfield>
  <controlfield tag="008">  010402s2001    ne abf  Wa   0001   eng  </controlfield>
  <datafield tag="020" ind1=" " ind2=" ">
    <subfield code="a">9004096817</subfield>
  </datafield>
  <datafield tag="021" ind1="1" ind2="0">
    <subfield code="a">9004096817</subfield>
    <subfield code="c">acid-free paper</subfield>
  </datafield>
  <datafield tag="040" ind1="0" ind2="0">
    <subfield code="a">EUW</subfield>
    <subfield code="c">EUW</subfield>
    <subfield code="d">UMC</subfield>
    <subfield code="d">ABC</subfield>
    <subfield code="d">OHX</subfield>
    <subfield code="d">DLC</subfield>
  </datafield>
  <datafield tag="050" ind1="0" ind2="0">
    <subfield code="a">TP368.6</subfield>
  </datafield>
  <datafield tag="082" ind1="0" ind2="0">
    <subfield code="a">TP 368.6 .C87 2001</subfield>
    <subfield code="b">.009</subfield>
    <subfield code="c">21</subfield>
  </datafield>
  <datafield tag="100" ind1="1" ind2="0">
    <subfield code="a">Curtis,</subfield>
    <subfield code="h">Robert I</subfield>
    <subfield code="k">Robert Irvin</subfield>
    <subfield code="c">1943-</subfield>
  </datafield>
  <datafield tag="245" ind1="1" ind2="0">
    <subfield code="a">Ancient food technology</subfield>
    <subfield code="c">by Robert I. Curtis</subfield>
    <subfield code="e">by Robert I. Curtis</subfield>
    <subfield code="h">[Text]</subfield>
  </datafield>
  <datafield tag="260" ind1="0" ind2="0">
    <subfield code="a">Leiden</subfield>
    <subfield code="b">Brill</subfield>
    <subfield code="c">2001</subfield>
  </datafield>
  <datafield tag="260" ind1=" " ind2=" ">
    <subfield code="a">Leiden</subfield>
    <subfield code="b">Brill</subfield>
    <subfield code="c">2001</subfield>
  </datafield>
  <datafield tag="300" ind1="0" ind2="0">
    <subfield code="a">xxx, 477 p., [32] p. of plates ill., maps 30 cm</subfield>
  </datafield>
  <datafield tag="440" ind1="0" ind2="0">
    <subfield code="a">Technology and change in history</subfield>
    <subfield code="w">1385-920X</subfield>
    <subfield code="v">v. 5</subfield>
  </datafield>
  <datafield tag="504" ind1="0" ind2="0">
    <subfield code="a">Includes bibliographical references (p. [435]-465) and index</subfield>
  </datafield>
  <datafield tag="505" ind1="0" ind2="0">
    <subfield code="a">Contents: List of abbreviations -- List of figures -- List of plates -- L ist of maps -- Acknowledgements -- Foreword -- Pt. I. Prehistory. Ch. 1.  Lower and middle paleolithic periods ; Ch. 2. Upper paleolithic and neoli thic periods ; Summary and conclusions to Part One -- Pt. II. Egypt and t he Near East. Ch. 3. Egypt I ; Ch. 4. Egypt II ; Ch. 5. The ancient Near  East ; Summary and conclusions to Part Two -- Pt. III. Mediterranean civi lizations. Ch. 6. The Greek world: bronze age through the Hellenistic per iod ; Ch. 7. Rome I ; Ch. 8. Rome II ; Summary and conclusions to Part Th ree -- Select bibliography -- Index -- Plates</subfield>
  </datafield>
  <datafield tag="650" ind1="0" ind2="0">
    <subfield code="a">Food industry and trade</subfield>
    <subfield code="x">History</subfield>
  </datafield>
  <datafield tag="650" ind1="0" ind2="0">
    <subfield code="a">Food supply</subfield>
    <subfield code="x">History</subfield>
  </datafield>
  <datafield tag="999" ind1=" " ind2=" ">
    <subfield code="c">38992</subfield>
    <subfield code="d">38992</subfield>
  </datafield>
  <datafield tag="952" ind1=" " ind2=" ">
    <subfield code="0">0</subfield>
    <subfield code="1">0</subfield>
    <subfield code="2">lcc</subfield>
    <subfield code="4">0</subfield>
    <subfield code="7">0</subfield>
    <subfield code="8">GEN</subfield>
    <subfield code="a">CPL</subfield>
    <subfield code="b">CPL</subfield>
    <subfield code="c">GEN</subfield>
    <subfield code="d">2010-02-12</subfield>
    <subfield code="g">188.08</subfield>
    <subfield code="l">0</subfield>
    <subfield code="o">TP 368.6 .C87 2001</subfield>
    <subfield code="p">R10688K3232</subfield>
    <subfield code="r">2019-09-26 00:00:00</subfield>
    <subfield code="t">1</subfield>
    <subfield code="w">2010-02-12</subfield>
    <subfield code="y">BK</subfield>
  </datafield>
</record>
